Analýza výsledkov aplikácie koncepcie CPTED v zahraničí

Proces navrhovania bezpečnosti v architektúre je známy, ako "Prevencia kriminality prostredníctvom environmentálneho dizajnu". Zahŕňa dizajnovo vytvorené prostredie pre zníženie príležitostí a strachu z kriminality. Prevencia kriminality prostredníctvom environmentálneho dizajnu môže pomôcť pri zniž...

Descripción completa

Guardado en:
Detalles Bibliográficos
Autor principal: Kubalová, Klaudia
Formato: Capítulo de libro
Lenguaje:eslovaco
Materias:
Etiquetas: Agregar Etiqueta
Sin Etiquetas, Sea el primero en etiquetar este registro!

MARC

LEADER 00000naa a2200000 4500
001 0307002
005 20250213122933.0
041 0 |a slo 
044 |a SK 
245 1 0 |a Analýza výsledkov aplikácie koncepcie CPTED v zahraničí  |c Klaudia Kubalová 
520 |a Proces navrhovania bezpečnosti v architektúre je známy, ako "Prevencia kriminality prostredníctvom environmentálneho dizajnu". Zahŕňa dizajnovo vytvorené prostredie pre zníženie príležitostí a strachu z kriminality. Prevencia kriminality prostredníctvom environmentálneho dizajnu môže pomôcť pri znižovaní pravdepodobnosti spáchania trestných činov a tiež môže poskytnúť vlastníkom nehnuteľností návod, ako si chrániť svoj majetok. Poukázanie na účinnosť tohto konceptu. 
610 2 0 |a architektúra 
610 2 0 |a dizajn 
610 2 0 |a kriminalita 
610 2 0 |a bezpečnosť 
610 2 0 |a projekty 
610 2 0 |a analýzy 
100 1 |a Kubalová, Klaudia